Une famille aimante mérite de faire un vrai repas (Record no. 14016)
[ view plain ]
| 010 ## - Numéro international normalisé du livre (ISBN) | |
|---|---|
| ISBN | 9782916834504 |
| Disponibilité et/ou prix | 12 EUR |
| 099 ## - Visibilité opac | |
| notice masquée en opac | Non |
| 100 ## - Données générales de traitement | |
| Données générales de traitement | 20140917h20142014m y0frey50 ba |
| 101 0# - Langue de la ressource | |
| Langue du texte, de la bande son, etc. | français |
| 102 ## - Pays de publication ou de production | |
| Pays de publication | France |
| 200 1# - Titre et mention de responsabilité | |
| Titre propre | Une famille aimante mérite de faire un vrai repas |
| Complément du titre | théâtre |
| Indication générale du type de document | Livre |
| 215 ## - Description physique | |
| Nombre de pages | 1 vol. (109 p.) |
| -- | @Quartett - Théâtre |
| 300 ## - Notes générales | |
| Texte de la note | Notice réd. d'après la couv. |
| 323 ## - Nombre de personnages | |
| Texte de la note | 4 personnages |
| 700 #1 - Auteur principal | |
| Nom | Aminthe |
| Prénom | Julie |
| Dates | 1984-.... |
| 702 #1 - Nom de personne - mention de responsabilité secondaire | |
| Nom | Delaigue |
| Prénom | Philippe |
| Dates | 19..-.... |
| 105 ## - Zone de données codées : textes, monographies | |
| Données codées sur les monographies textuelles | y z 00|a| |
| 181 ## - Zone de données codées : Forme de la ressource | |
| Données de liaison entre champs | z01 |
| Autre référentiel utilisé pour coder la forme du contenu | texte |
| Code du référentiel | rdacontent |
| 181 #1 - Zone de données codées : Forme de la ressource | |
| Données de liaison entre champs | z01 |
| Forme du contenu selon l’ISBD sous forme codée | i# |
| Qualificatif(s) du contenu selon l’ISBD sous forme codée | xxxe## |
| 182 ## - Zone de données codées : type de média | |
| Données de liaison entre champs | z01 |
| Autre référentiel utilisé pour coder le type de médiation | sans média |
| Code du référentiel | rdamedia |
| 182 #1 - Zone de données codées : type de média | |
| Données de liaison entre champs | z01 |
| Type de médiation selon l’ISBD sous forme codée | sans média |
| 210 ## - Publication, diffusion, etc. | |
| Lieu de publication, de diffusion, etc. | [Fontenay-sous-Bois] |
| Nom de l'éditeur, du diffuseur, etc. | Quartett |
| Date de publication, de diffusion, etc. | impr. 2014, cop. 2014 |
| 215 ## - Description physique | |
| Autres caractéristiques matérielles | couv. ill. e225 2# |
| 308 ## - note sur la collection | |
| Texte de la note | "Dans la même collection Quartett / théâtre" (4ème de couverture) ne semble pas être une mention de collection car elle figure sur tous les ouvrages publiés par cet éditeur qui ne publie que du théâtre |
| 312 ## - Note sur les titres associés | |
| Texte de la note | La couverture porte en plus : "Théâtre" |
| 686 ## - Autres numéros de classification | |
| Indice | 802 |
| Code du format utilisé | Cadre de classement de la Bibliographie nationale française |
| 700 #1 - Auteur principal | |
| Identifiant de la notice d'autorité | 182628892 |
| Code de fonction | Auteur |
| 702 #1 - Nom de personne - mention de responsabilité secondaire | |
| Identifiant de la notice d'autorité | 074312502 |
| Eléments ajoutés aux noms autres que les dates | auteur dramatique |
| Code de fonction | Auteur de l'introduction, etc. |
| 801 #3 - Origine de la notice | |
| Pays | FR |
| Agence de catalogage | Abes |
| Date de la transaction | 20231127 |
| Règles de catalogage utilisées | AFNOR |
| 801 #0 - Origine de la notice | |
| Pays | FR |
| Agence de catalogage | FR-751131015 |
| Date de la transaction | 20140709 |
| Règles de catalogage utilisées | AFNOR |
| Code du format utilisé | intermrc |
| 000 -Etiquette de la notice | |
| Leader | 01616cam0a2200433 4500 |
| 003 - Identifiant de la notice | |
| Identifiant | http://www.sudoc.fr/180593870 |
| 005 - Identifiant de la version | |
| Identifiant | 20260129123235.0 |
| 021 ## - Numéro de dépôt légal | |
| Code de pays | France |
| Indice | DLE-20140709-42011 |
| 033 ## - Identifiant pérenne dans d’autres systèmes | |
| Identifiant de la notice | http://catalogue.bnf.fr/ark:/12148/cb43858599h |
| 035 ## - Identifiant de la notice dans un autre système | |
| Identifiant de la notice dans un autre système | (OCoLC)893833433 |
| 035 ## - Identifiant de la notice dans un autre système | |
| Identifiant de la notice dans un autre système | FRBNF438585990000006 |
| Numéro erroné ou annulé | FRBNF43858599 |
| 073 #0 - EAN | |
| Numéro normalisé | 9782916834504 |
| Exclu du prêt | Date de création | Site actuel | Code barre | Date prix de remplacement | Cote | Statut | Site de rattachement | Type de document Koha |
|---|---|---|---|---|---|---|---|---|
| 29.01.2026 | Théâtre Joliette | JOL-007717 | 29.01.2026 | TH AMI 4 | Théâtre Joliette | Livre |